The Caribbean community five years on: an assessment
Gardado en:
| Autor Principal: | |
|---|---|
| Formato: | Texto |
| Publicado: |
Georgetowm, Guyana:
Caribbean Community Secretariat
|
| Etiquetas: |
Engadir etiqueta
Sen Etiquetas, Sexa o primeiro en etiquetar este rexistro!
|
MARC
| LEADER | 00000 a a2200000 04500 | ||
|---|---|---|---|
| 001 | 21394 | ||
| 003 | |||
| 040 | |||
| 090 | |a 094100 | ||
| 100 | |a Blake, Byron | ||
| 245 | |a The Caribbean community five years on: an assessment | ||
| 260 | |a Georgetowm, Guyana: |b Caribbean Community Secretariat | ||
| 300 | |a 41 p. | ||
| 999 | |c 5483 |d 5483 | ||
